Europäische Union Quiz - Statistiken

Allgemein
  • Dieses Quiz wurde 244 mal gespielt
  • Das Durchschnittsergebnis liegt bei 7 aus 10
Antwortstatistiken
Frage Antwort % Korrekt
Die Hauptstadt ist.. Brüssel
96%
Welche Währung erfand die EU? den Euro
96%
Wie viele Länder sind in der EU? 27
86%
Wer ist die/der Kommissionspräsident/in? Ursula von der Leyen
86%
Welches Land ist geographisch gesehen in Asien, aber in der EU? Zypern
74%
Die Zentralbank liegt in... Frankfurt
72%
Wann ist der Europatag? 9.Mai
56%
In welchem Jahr gewann die EU den Friedensnobelpreis? 2012
51%
Was ist der Wahlspruch der EU? In Vielfalt geeint
51%
Wie viele Amtssprachen gibt es in der EU? 24
44%
Keine übereinstimmenden Quizze gefunden
Verteilung der Resultate
Anzahl Personen mit jedem Resultat
Perzentil nach korrekt beantworteten Fragen
Ihre Resultats-Entwicklung
Sie haben dieses Quiz noch nicht gespielt